000
00238 a2200109 4500
003
Nust
005
20170207154233.0
040
_c
Nust
082
_a
371.33
245
_a
Wild In Life Sind (VHS-293)
440
_a
Wild In Life Sind (VHS-293)
538
_a
Duration Mins 98
999
_c
196002
_d
196002